Départements contenant le plus de communes avec une population donnée - Statistiques

Statistiques générales
  • Ce quiz a été pris 11 fois
  • Le résultat moyen est 7 sur 17
Statistiques - réponses
Réponse % Correct
Paris
100%
Paris
100%
Rhône
100%
Nord
73%
Seine-Saint-Denis
64%
Pas-de-Calais
45%
Val-de-Marne
45%
Villeurbanne
36%
Hauts-de-Seine
27%
Roubaix
27%
Colombes
18%
Courbevoie
18%
Antony
9%
Clichy
9%
Issy-les-Moulineaux
9%
Levallois-Perret
9%
Rueil-Malmaison
9%
Aucun quiz correspondant
Distribution des résultats
% des personnes avec chaque résultat
Percentile par nombre de réponses
Votre historique - résultats
Vous n’avez pas pris ce quiz